Movies by Pictures of Spaceships - Statistics

General Stats
  • This quiz has been taken 1,730 times
  • The average score is 8 of 15
Answer Stats
Picture Hint Answer % Correct
Star Destroyer Star Wars
98%
USS Enterprise Star Trek: The Motion Picture
96%
City Destroyer Independence Day
79%
Discovery One 2001: A Space Odyssey
63%
Nostromo Alien
62%
Endurance Interstellar
53%
Eagle 5 Spaceballs
52%
Heptapod ships Arrival
48%
"Prawn" Mothership District 9
47%
Martian Flying Saucer Mars Attacks!
47%
The Mothership Close Encounters of the Third Kind
46%
Heighliner Dune
38%
Axiom Wall-E
30%
Ra's Mothership Stargate
29%
Heart of Gold The Hitchhiker's Guide to the Galaxy
29%
No matching quizzes found
Score Distribution
Percent of People with Each Score
Percentile by Number Answered
Your Score History
You have not taken this quiz